The syntax of Malay interrogatives /
محفوظ في:
| المؤلف الرئيسي: | |
|---|---|
| التنسيق: | أطروحة كتاب |
| اللغة: | English |
| منشور في: |
[Burnaby, B.C.],
1976.
|
| الموضوعات: | |
| الوسوم: |
إضافة وسم
لا توجد وسوم, كن أول من يضع وسما على هذه التسجيلة!
|
| LEADER | 00781cam a2200241 4500 | ||
|---|---|---|---|
| 001 | u142934 | ||
| 003 | SIRSI | ||
| 008 | 821104s1976 ck v 00 1 eng m | ||
| 035 | |a AAQ-6091 | ||
| 040 | |a UMM | ||
| 090 | 0 | 0 | |a PL5076 |b Mashk |
| 100 | 0 | 0 | |a Mashudi Haji Kader. |
| 245 | 1 | 4 | |a The syntax of Malay interrogatives / |c Mashudi B.H. Kader |
| 260 | |a [Burnaby, B.C.], |c 1976. | ||
| 300 | |a Xviii, 521 leaves ; |c 29 cm. | ||
| 500 | |a Photocopy. | ||
| 502 | |a Thesis (Ph.D.) -- Simon Fraser University, 1976. | ||
| 504 | |a Bibliography: leaves 512-521. | ||
| 650 | 0 | |a Malay language |x Syntax. | |
| 650 | 0 | |a Malay language |x Interrogative | |
| 948 | |a 21/02/1992 |b 14/06/2002 | ||
| 596 | |a 1 | ||
| 999 | |a PL5076 MASHK |w LC |c 1 |i A002915126 |d 10/3/2011 |e 10/3/2011 |l STACKS |m P01UTAMA |n 3 |r Y |s Y |t TESIS |u 11/3/1992 | ||
